| 000 | 01165cam a2200385 a 4500 | ||
|---|---|---|---|
| 001 | 3817 | ||
| 003 | FISKH | ||
| 005 | 20250723114229.0 | ||
| 008 | 930401s1993 txua j 000 0 eng | ||
| 010 | _a 92076136 | ||
| 020 | _a0782903363 (v. 1) | ||
| 020 | _a045986995711 | ||
| 020 | _a045986995551 | ||
| 040 |
_aDLC _cDLC _dDLC _beng |
||
| 042 | _alcac | ||
| 050 | _aPZ8.W5879 | ||
| 082 | _a398.8 | ||
| 100 | 1 |
_aWhite, Stephen, _d1952- |
|
| 245 | 1 | 0 |
_aBarney's favorite Mother Goose rhymes / _cwritten by Stephen White ; illustrated by Mary Grace Eubank. |
| 260 |
_aTexas : _bBarney Publishing, _c1993. |
||
| 300 |
_a36 unnumbered pages : _bcolor illustrations ; _c29 cm |
||
| 505 | _aG | ||
| 520 | _aIncludes original and contemporary nursery rhymes. | ||
| 521 | 8 |
_a370
_bLexile estimate |
|
| 521 | 8 |
_aG
_bRaz-Plus |
|
| 630 | 0 | 0 |
_aMother Goose _vAdaptations. |
| 650 | 0 | _aNursery rhymes. | |
| 650 | 0 | _aChildren's poetry. | |
| 650 | 1 | _aNursery rhymes. | |
| 650 | 1 | _aAmerican poetry. | |
| 700 | 1 |
_aEubanks, Mary Grace, _eillustrator |
|
| 906 |
_a7 _bcbc _corignew _d2 _eopcn _f19 _gy-gencatlg |
||
| 942 |
_2ddc _cBK _n0 |
||
| 999 |
_c3817 _d3817 |
||